| 000 | 01126nam a22002297a 4500 | ||
|---|---|---|---|
| 003 | AR-RoUNCS | ||
| 005 | 20260220162247.0 | ||
| 008 | 160811s2007 ag r spa | ||
| 015 | _aAR-2007 | ||
| 020 | _a978-987-573-201-8 | ||
| 040 |
_aAR-BaBN _bspa _cAR-RoUNCS _eaacr |
||
| 044 |
_aag _car-c |
||
| 080 | _082-311.3(410) | ||
| 100 | 1 |
_aStevenson, Robert Louis, _d1850-1894 _eautor _4aut |
|
| 245 | 1 | 3 |
_aLa isla del tesoro / _cRobert Luis Stevenson. |
| 260 |
_aBuenos Aires : _bSM, _c2007. |
||
| 300 |
_a254 p. ; _c19 cm. |
||
| 520 | 3 | _aLa llegada de un misterioso marino a la posada de su padre cambiará la vida del joven Jim Hawkins. El viejo confraternizará con él y, al morir repentinamente en la posada, Jim hallará entre sus cosas un mapa que revela la ubicación de un tesoro pirata enterrado en una isla remota. Animado por la posibilidad de vivir una aventura y de conseguir una riqueza inimaginable, Jim se embarcará en un viaje lleno de peligros y, quizá, también fortuna. | |
| 650 | 7 |
_2embne _aLiteratura inglesa |
|
| 655 | 7 |
_2embne _aNovelas de acción y aventuras _xLibros juveniles |
|
| 942 |
_2udc _cOG _n0 |
||
| 999 |
_c909 _d909 |
||